000 00284nam a22001337a 4500
008 171024b xxu||||| |||| 00| 0 eng d
020 _a9780130669223
041 _aeng
080 _29TH
_a311
100 _a55
101 _aSTA
245 _aSTATISTICS
_cVUKOV,A.M
942 _2udc
_cBK
999 _c35750
_d35750